[Event "Xtracon Chess Open 2016"]
[Site "Elsinore"]
[Date "2016.07.31"]
[Round "10.133"]
[White "Johansen, Johnny Holler"]
[Black "Shehzad, Shazil"]
[Result "1-0"]
[WhiteElo "1919"]
[BlackElo "1711"]
[PlyCount "125"]
[EventDate "2016.07.23"]

1. e4 c5 2. Nf3 d6 3. Bb5+ Bd7 4. c4 Nf6 5. Nc3 Nc6 6. d4 cxd4 7. Nxd4 g6 8.
O-O Bg7 9. Nc2 O-O 10. Re1 Ne5 11. Bxd7 Nfxd7 12. Qe2 Rc8 13. Ne3 Nb6 14. Nb5
a6 15. Na3 Qd7 16. f4 Nc6 17. Nd5 Nd4 18. Qd3 Nxd5 19. cxd5 e5 20. Be3 Qg4 21.
Bxd4 exd4 22. Rf1 Rfe8 23. Rae1 Rc5 24. Nc2 Rec8 25. Nxd4 Rc4 26. Nc6 R4xc6 27.
dxc6 Rxc6 28. e5 Qd7 29. Rc1 Rb6 30. Qc3 Rc6 31. Qd4 d5 32. Rfd1 Bf8 33. Rc3
Qc7 34. Rxc6 bxc6 35. b4 c5 36. Qxd5 cxb4 37. h3 Qc5+ 38. Qxc5 Bxc5+ 39. Kf1
Kf8 40. Rd8+ Ke7 41. Ra8 Be3 42. g3 h5 43. Ke2 Bc1 44. Rxa6 h4 45. Rc6 Bb2 46.
gxh4 Kd7 47. Rc4 Ba3 48. Kf3 Ke6 49. Ke4 Ke7 50. Kd5 Kd7 51. Rc2 Ke7 52. Rc7+
Ke8 53. Rb7 Kf8 54. e6 fxe6+ 55. Kxe6 Kg8 56. Kf6 Bb2+ 57. Kxg6 Kf8 58. Rxb4
Ba3 59. Ra4 Bd6 60. f5 Kg8 61. Ra8+ Bf8 62. f6 Kh8 63. Rxf8# 1-0

[Event "Xtracon Chess Open 2016"]
[Site "Elsinore"]
[Date "2016.07.31"]
[Round "10.134"]
[White "Keen, Cosima"]
[Black "Jarve, Edvin"]
[Result "1-0"]
[WhiteElo "1918"]
[BlackElo "1716"]
[PlyCount "225"]
[EventDate "2016.07.23"]

1. e4 e6 2. d4 d5 3. Nd2 Nf6 4. e5 Nfd7 5. Bd3 c5 6. c3 Nc6 7. Ne2 cxd4 8. cxd4
f6 9. exf6 Nxf6 10. Nf3 Bd6 11. Be3 O-O 12. h3 Bd7 13. O-O Qc7 14. Rc1 a6 15.
a3 Rac8 16. b4 Qb8 17. Re1 h6 18. Qd2 Ne4 19. Bxe4 dxe4 20. Ne5 Bxe5 21. dxe5
Rcd8 22. Bb6 Nxe5 23. Bc7 Qa7 24. Bxe5 Qxf2+ 25. Kh1 Bc6 26. Qc2 Rd2 27. Qc4
Bd5 28. Qc7 Rf7 29. Qd8+ Rf8 30. Qe7 Rf7 31. Bg3 Qxg2+ 32. Kxg2 Rxe7 33. Kg1
Ra2 34. Rc3 Rd7 35. Bf4 Bc6 36. Nc1 Rb2 37. Re2 Rxe2 38. Nxe2 g5 39. Be3 e5 40.
Bf2 Rd3 41. Bg3 Rxc3 42. Nxc3 Kf7 43. Bxe5 Ke6 44. Bg7 h5 45. Kf2 g4 46. hxg4
hxg4 47. Kg3 Kf5 48. Nd1 e3 49. Nxe3+ Ke4 50. Nxg4 Bb5 51. Nf2+ Kd5 52. Bf8 Kc4
53. Ne4 Kb3 54. Nc5+ Kxa3 55. Nxb7 Kb3 56. Na5+ Kc3 57. Bc5 Kd3 58. Kf4 Ba4 59.
Ke5 Bb5 60. Kd6 Ke4 61. Kc7 Kd5 62. Kb6 Ke6 63. Nc6 Bf1 64. Nb8 Kd5 65. Nxa6
Ke5 66. Nc7 Ke4 67. b5 Bxb5 68. Nxb5 Kd5 69. Bf2 Kc4 70. Kc6 Kd3 71. Nd4 Kc4
72. Nb5 Kb4 73. Nd6 Kc3 74. Kc5 Kd3 75. Bg1 Kc3 76. Nf7 Kd3 77. Ng5 Kc3 78. Bf2
Kd3 79. Kd5 Kc3 80. Bc5 Kd3 81. Ne4 Ke2 82. Kd4 Kf3 83. Bd6 Kg4 84. Ng3 Kf3 85.
Kd3 Kg4 86. Ke4 Kg5 87. Nf5 Kf6 88. Be5+ Ke6 89. Nd4+ Kd7 90. Kd5 Ke7 91. Nf3
Kd7 92. Bd6 Kd8 93. Ne5 Ke8 94. Ke6 Kd8 95. Nc4 Kc8 96. Na5 Kd8 97. Bf4 Kc8 98.
Kd6 Kd8 99. Be3 Ke8 100. Nc6 Kf7 101. Ne7 Kf6 102. Bf4 Kf7 103. Be5 Kf8 104.
Ke6 Ke8 105. Bc7 Kf8 106. Nf5 Ke8 107. Nd6+ Kf8 108. Kf6 Kg8 109. Kg6 Kf8 110.
Bd8 Kg8 111. Be7 Kh8 112. Nf7+ Kg8 113. Nh6+ 1-0

[Event "Xtracon Chess Open 2016"]
[Site "Elsinore"]
[Date "2016.07.31"]
[Round "10.135"]
[White "Grotle, Ramona"]
[Black "Ramkilde, Mikael"]
[Result "1-0"]
[WhiteElo "1632"]
[BlackElo "1907"]
[PlyCount "85"]
[EventDate "2016.07.23"]

1. e4 c5 2. Nf3 d6 3. d3 g6 4. g3 Bg7 5. Bg2 Nc6 6. c3 Nf6 7. O-O O-O 8. Re1
Rb8 9. a4 a6 10. Na3 Ng4 11. Rb1 b5 12. axb5 axb5 13. h3 Nge5 14. Nxe5 Bxe5 15.
Bh6 Re8 16. f4 Bh8 17. Qd2 Bd7 18. f5 Ne5 19. Nc2 Qb6 20. Ne3 c4 21. d4 Nd3 22.
Nd5 Qd8 23. Rf1 Bg7 24. Kh2 Bc6 25. Bxg7 Kxg7 26. Nxe7 Rxe7 27. f6+ Kg8 28. Qh6
Qf8 29. Qxf8+ Kxf8 30. fxe7+ Kxe7 31. d5 Bd7 32. b3 Ra8 33. bxc4 bxc4 34. Ra1
Rb8 35. Rfb1 Re8 36. Ra7 Ne5 37. Rbb7 h5 38. Bf1 Rc8 39. Be2 Rd8 40. Kg2 Kf6
41. Bxc4 Rc8 42. Rc7 Rb8 43. Rab7 1-0

[Event "Xtracon Chess Open 2016"]
[Site "Elsinore"]
[Date "2016.07.31"]
[Round "10.136"]
[White "Nielsen, Thomas"]
[Black "Bratteteig, Tore Inge"]
[Result "1-0"]
[WhiteElo "1906"]
[BlackElo "1710"]
[PlyCount "45"]
[EventDate "2016.07.23"]

1. d4 d5 2. c4 c6 3. Nc3 Nf6 4. Nf3 e6 5. cxd5 exd5 6. Bg5 Be7 7. Qc2 Nbd7 8.
e3 O-O 9. h4 Re8 10. Bd3 Bd6 11. O-O-O h6 12. Bf4 Bxf4 13. exf4 Nf8 14. Ne5 Ng4
15. Qd2 Bd7 16. f3 Nf6 17. g4 N6h7 18. g5 h5 19. f5 Qc8 20. Qf4 Qc7 21. Rhg1 g6
22. fxg6 fxg6 23. Qf7+ 1-0

[Event "Xtracon Chess Open 2016"]
[Site "Elsinore"]
[Date "2016.07.31"]
[Round "10.138"]
[White "Skovgaard, Andreas"]
[Black "Tryggestad, Linnea Garberg"]
[Result "1-0"]
[WhiteElo "1868"]
[BlackElo "1525"]
[PlyCount "67"]
[EventDate "2016.07.23"]

1. d4 Nf6 2. Nf3 g6 3. c4 Bg7 4. Nc3 d5 5. Bf4 c6 6. e3 O-O 7. Bd3 dxc4 8. Bxc4
Bf5 9. O-O Nbd7 10. Re1 Nb6 11. Bb3 Ne4 12. Rc1 Rc8 13. Nd2 Nxd2 14. Qxd2 c5
15. Rcd1 cxd4 16. exd4 Nc4 17. Qe2 Be6 18. d5 Bg4 19. Qxg4 Nxb2 20. Nb5 Nxd1
21. Qxd1 Qb6 22. Qe2 a6 23. Na3 Qb4 24. Nc4 b5 25. Bd2 Qc5 26. Ne5 Bxe5 27.
Qxe5 Rfe8 28. Bh6 Qc3 29. h3 Qxe5 30. Rxe5 f6 31. d6+ Kh8 32. Rxe7 Rxe7 33.
dxe7 Re8 34. Bf8 1-0

[Event "Xtracon Chess Open 2016"]
[Site "Elsinore"]
[Date "2016.07.31"]
[Round "10.139"]
[White "Kvaloy, Aksel Bu"]
[Black "Lavrsen, Frands Winther"]
[Result "0-1"]
[WhiteElo "1533"]
[BlackElo "1851"]
[PlyCount "86"]
[EventDate "2016.07.23"]

1. d4 d5 2. Nf3 Nc6 3. e3 Nf6 4. Bd3 Bg4 5. O-O e5 6. dxe5 Nxe5 7. Nbd2 Bb4 8.
Be2 Nxf3+ 9. Nxf3 O-O 10. a3 Be7 11. b3 c6 12. Bb2 Ne4 13. h3 Bh5 14. g4 Bg6
15. Ne5 Qd6 16. f4 h6 17. Nxg6 Qxg6 18. Bd3 Rfe8 19. Be5 Bf6 20. Bxf6 Qxf6 21.
Bxe4 Rxe4 22. Qd3 Rae8 23. Rae1 Qh4 24. Kg2 d4 25. Re2 Rxe3 26. Rxe3 Rxe3 27.
Qd2 Qg3+ 28. Kh1 Qxh3+ 29. Kg1 Rg3+ 30. Kf2 Rg2+ 31. Ke1 Rxd2 32. Kxd2 Qxf1 33.
g5 Qxf4+ 34. Kd3 Qxg5 35. Kxd4 Qd5+ 36. Kc3 f5 37. b4 f4 38. b5 f3 39. bxc6
bxc6 40. a4 f2 41. a5 f1=Q 42. a6 Qa1+ 43. Kb4 Qaa5# 0-1

[Event "Xtracon Chess Open 2016"]
[Site "Elsinore"]
[Date "2016.07.31"]
[Round "10.140"]
[White "Opseth, Oliver"]
[Black "Svensson, Erik"]
[Result "1/2-1/2"]
[WhiteElo "1545"]
[BlackElo "1848"]
[PlyCount "110"]
[EventDate "2016.07.23"]

1. e4 c5 2. Nf3 d6 3. d4 cxd4 4. Nxd4 Nf6 5. Nc3 a6 6. Bc4 e6 7. O-O b5 8. Bd3
Be7 9. Qf3 Qc7 10. Bd2 Bb7 11. Qe2 O-O 12. f4 Nbd7 13. Kh1 Nc5 14. e5 Nfd7 15.
exd6 Qxd6 16. Nb3 Rad8 17. Ne4 Bxe4 18. Bxe4 Nxe4 19. Qxe4 Bf6 20. Bb4 Qb6 21.
Bxf8 Kxf8 22. c3 g6 23. Rad1 Kg7 24. g4 a5 25. g5 Be7 26. Qd4+ Qxd4 27. Nxd4
Nc5 28. Nc6 Re8 29. Nxa5 Ra8 30. Nc6 Bf8 31. Nb4 Na4 32. Rd2 Bc5 33. Kg2 Nb6
34. Nc6 Nc4 35. Rd7 Ne3+ 36. Kg1 Nxf1+ 37. Kxf1 Rxa2 38. b4 Be3 39. Ne5 Ra7 40.
Rxa7 Bxa7 41. Ke2 f6 42. Nc6 Bg1 43. h3 fxg5 44. fxg5 Kf7 45. Kf3 e5 46. Nxe5+
Ke6 47. Ke4 Kd6 48. Nf3 Bf2 49. Nd4 Bh4 50. Nxb5+ Kd7 51. Kf4 Kc6 52. c4 Be1
53. Nd4+ Kd6 54. c5+ Kd5 55. c6 Bxb4 1/2-1/2

[Event "Xtracon Chess Open 2016"]
[Site "Elsinore"]
[Date "2016.07.31"]
[Round "10.141"]
[White "Larsen, Preben R"]
[Black "Ronnestad, Liam Jansson"]
[Result "0-1"]
[WhiteElo "1846"]
[BlackElo "1503"]
[PlyCount "74"]
[EventDate "2016.07.23"]

1. c4 e5 2. Nc3 Nc6 3. Nf3 f5 4. d4 d6 5. dxe5 dxe5 6. Qxd8+ Kxd8 7. Bg5+ Ke8
8. O-O-O Be6 9. e4 f4 10. Nd5 Rc8 11. Nxe5 Nxe5 12. Bxf4 Bxd5 13. exd5 Nf7 14.
Bd3 Bc5 15. Rhe1+ Kf8 16. Bf5 Re8 17. Bxc7 Nd6 18. Rxe8+ Kxe8 19. Re1+ Ne7 20.
Bd3 Kd7 21. Re6 Nxc4 22. Bxc4 Kxc7 23. f3 Rd8 24. Kc2 Nxd5 25. Bxd5 Rxd5 26. a3
Kd7 27. Re2 h5 28. Kc3 Kc6 29. a4 Rd4 30. b3 b5 31. axb5+ Kxb5 32. Re5 Kc6 33.
Re8 Rd6 34. Rc8+ Kb5 35. Rb8+ Bb6 36. Re8 Rg6 37. h3 Rxg2 0-1

[Event "Xtracon Chess Open 2016"]
[Site "Elsinore"]
[Date "2016.07.31"]
[Round "10.142"]
[White "Vestjord, Harald Christian"]
[Black "Rasmussen, Henrik"]
[Result "1/2-1/2"]
[WhiteElo "1608"]
[BlackElo "1833"]
[PlyCount "112"]
[EventDate "2016.07.23"]

1. d4 Nf6 2. c4 g6 3. Nc3 d5 4. cxd5 Nxd5 5. e4 Nxc3 6. bxc3 Bg7 7. Bc4 c5 8.
Ne2 cxd4 9. cxd4 Nc6 10. Bb2 O-O 11. O-O Na5 12. Bb3 Nxb3 13. Qxb3 b6 14. d5
Ba6 15. Bxg7 Kxg7 16. Rfe1 Qd7 17. Nc3 Rac8 18. Rac1 Bc4 19. Qb2 Kg8 20. a4 Rc5
21. Qb4 Rfc8 22. h3 e6 23. dxe6 Qxe6 24. Qb2 Qe5 25. Re3 Be6 26. Qd2 Bb3 27.
Rd3 Bxa4 28. f4 Qc7 29. Kf2 Bc6 30. e5 b5 31. Na2 Rxc1 32. Qxc1 Qb6+ 33. Qe3
Qxe3+ 34. Rxe3 a5 35. Ra3 a4 36. g3 Bd5 37. Nb4 Bb3 38. Ke2 Rc4 39. Nd3 Rc2+
40. Ke3 Ra2 41. Rxa2 Bxa2 42. Nb4 Bc4 43. Kd4 h5 44. h4 Kf8 45. Nc2 Ke7 46. Kc3
Ke6 47. Ne3 Be2 48. Kb4 Kd7 49. Ka3 Kc7 50. f5 gxf5 51. Nxf5 Bc4 52. Nd4 Kb6
53. Kb4 Be6 54. Nxb5 Bb3 55. Nd4 Bd1 56. e6 fxe6 1/2-1/2

[Event "Xtracon Chess Open 2016"]
[Site "Elsinore"]
[Date "2016.07.31"]
[Round "10.143"]
[White "Werner, Jakob"]
[Black "Skjoldager, Flemming"]
[Result "0-1"]
[WhiteElo "1733"]
[BlackElo "1926"]
[PlyCount "52"]
[EventDate "2016.07.23"]

1. d4 Nf6 2. c4 e6 3. Nc3 d5 4. Bg5 Nbd7 5. Nf3 c6 6. e3 Qa5 7. a3 Ne4 8. Rc1
dxc4 9. Bf4 Nb6 10. Nd2 Nxc3 11. bxc3 Bxa3 12. Rc2 Be7 13. Bxc4 Nxc4 14. Nxc4
Qd5 15. Ne5 Qxg2 16. Ke2 Qh3 17. Ke1 f6 18. Nd3 Qg2 19. Kd2 Qe4 20. Rg1 g6 21.
Ra2 e5 22. f3 Qd5 23. c4 Qxc4 24. Ra4 Qb5 25. dxe5 Bf5 26. e4 O-O-O 0-1

[Event "Xtracon Chess Open 2016"]
[Site "Elsinore"]
[Date "2016.07.31"]
[Round "10.144"]
[White "Larsen, Mette Dalsgaard"]
[Black "Stuhr, Peter Sebastian"]
[Result "0-1"]
[WhiteElo "1715"]
[BlackElo "1918"]
[PlyCount "114"]
[EventDate "2016.07.23"]

1. d4 d6 2. Nf3 Nd7 3. Bf4 Ngf6 4. h3 h6 5. e3 c6 6. c4 Qc7 7. Nc3 e5 8. dxe5
dxe5 9. Bh2 a5 10. Bd3 Bd6 11. e4 Nc5 12. Bc2 Be6 13. b3 Rd8 14. Qe2 Bc8 15.
O-O g5 16. Rfd1 g4 17. Rxd6 Qxd6 18. Nxe5 Qd2 19. Rd1 Qxe2 20. Rxd8+ Kxd8 21.
Nxe2 Ke7 22. hxg4 Ncxe4 23. f3 Ng5 24. Bf4 Rg8 25. Kf2 h5 26. gxh5 Nxh5 27. Bd2
f6 28. Ng6+ Kf7 29. g4 Ng7 30. Bxa5 f5 31. Ne5+ Ke6 32. Bc3 fxg4 33. Nxg4 Kd6
34. Nf6 Rf8 35. f4 N5e6 36. Be5+ Ke7 37. Ne4 Nf5 38. c5 Nd8 39. Nd6 Nf7 40.
Nxf5+ Bxf5 41. Bxf5 Nxe5 42. Bc2 Ke6 43. Ke3 Ng4+ 44. Kd4 Rd8+ 45. Kc3 Ne3 46.
Bd3 Kf6 47. a4 Nd5+ 48. Kc4 Rd7 49. b4 Nxb4 50. Kxb4 Rxd3 51. Nc3 Kf5 52. Kc4
Rd2 53. Kb4 Kxf4 54. Ka5 Rb2 55. Nb5 cxb5 56. axb5 Ke5 57. Kb6 Kd5 0-1

[Event "Xtracon Chess Open 2016"]
[Site "Elsinore"]
[Date "2016.07.31"]
[Round "10.145"]
[White "Undheim, Bjarne"]
[Black "Kristensen, Lars Ostergaard"]
[Result "0-1"]
[WhiteElo "1910"]
[BlackElo "1710"]
[PlyCount "62"]
[EventDate "2016.07.23"]

1. e4 c6 2. d4 d5 3. exd5 cxd5 4. Bd3 Nc6 5. c3 Qc7 6. Ne2 Bg4 7. f3 Bd7 8. Bf4
e5 9. dxe5 Nxe5 10. Bxe5 Qxe5 11. O-O Bc5+ 12. Kh1 Ne7 13. Nd2 O-O 14. Qc2 Bf5
15. Nb3 Bb6 16. Ned4 Bxd3 17. Qxd3 Qh5 18. f4 Rad8 19. Rf3 Ng6 20. Ne2 Rfe8 21.
Nbd4 Bc7 22. Raf1 Qg4 23. g3 Re4 24. c4 Qd7 25. Nc3 Bb6 26. Nce2 Rde8 27. cxd5
Qxd5 28. Rd1 Bxd4 29. Nxd4 Rxd4 30. Qxd4 Qxf3+ 31. Kg1 Re2 0-1

[Event "Xtracon Chess Open 2016"]
[Site "Elsinore"]
[Date "2016.07.31"]
[Round "10.146"]
[White "Stockhaug, Jon Arne"]
[Black "Tolba, Henri"]
[Result "1-0"]
[WhiteElo "1901"]
[BlackElo "1688"]
[PlyCount "107"]
[EventDate "2016.07.23"]

1. d4 Nf6 2. Nf3 e6 3. c4 d5 4. Bg5 Bb4+ 5. Nc3 h6 6. Bxf6 Qxf6 7. e3 O-O 8.
Bd3 dxc4 9. Bxc4 c5 10. Qc2 cxd4 11. Nxd4 a6 12. Bd3 e5 13. Nde2 Qe6 14. O-O
Bd7 15. a3 Be7 16. Ng3 g6 17. Qe2 Bc6 18. Bc4 Qc8 19. Rac1 Qe8 20. Rfd1 b5 21.
Ba2 Ra7 22. Qg4 Kh7 23. e4 Nd7 24. Qe2 Bg5 25. Rc2 Nf6 26. Nd5 Bxd5 27. exd5
Rd7 28. Ne4 Nxe4 29. Qxe4 f5 30. Qb4 Qd8 31. Rc6 Rf6 32. Qc3 Rxc6 33. Qxc6 Rd6
34. Qb7+ Be7 35. Rc1 Kg7 36. Rc7 Kf6 37. g3 h5 38. h4 f4 39. gxf4 exf4 40. Qa7
Kf7 41. Bb3 Kf8 42. Rb7 Kf7 43. Qd4 Kg8 44. Qxf4 Qf8 45. Qe4 Bf6 46. Qxg6+ Bg7
47. Qe4 Qc8 48. Rxg7+ Kxg7 49. Qe7+ Kh8 50. Qxd6 Qc1+ 51. Kg2 Qxb2 52. Bd1 Qd4
53. Bxh5 Qxh4 54. Qh6+ 1-0

[Event "Xtracon Chess Open 2016"]
[Site "Elsinore"]
[Date "2016.07.31"]
[Round "10.147"]
[White "Ornebjerg, Henrik"]
[Black "Overgaard, Jorgen"]
[Result "1-0"]
[WhiteElo "1687"]
[BlackElo "1854"]
[PlyCount "117"]
[EventDate "2016.07.23"]

1. e4 e5 2. Nf3 Nc6 3. Bb5 f5 4. Bxc6 dxc6 5. d4 fxe4 6. Nxe5 Nf6 7. Bg5 Bd6 8.
Nc3 Bf5 9. Qe2 O-O 10. Qc4+ Kh8 11. Nf7+ Rxf7 12. Qxf7 Bg6 13. Qb3 Qf8 14. h3
Bf7 15. Qxb7 Rb8 16. Qxc6 Rxb2 17. O-O Be8 18. Qc4 Rb6 19. Qe2 Bb4 20. Qe3 Rc6
21. Nxe4 Nd5 22. Qf3 Qxf3 23. gxf3 h6 24. Bh4 Bh5 25. a3 Ba5 26. Rab1 Nf4 27.
Bg3 Ne2+ 28. Kg2 Nxd4 29. Rb8+ Kh7 30. Rf8 Bb6 31. Rd1 Nxc2 32. Rd7 Ne1+ 33.
Kf1 Nxf3 34. Nf6+ Kg6 35. Nxh5 Rc1+ 36. Kg2 Ne1+ 37. Kh2 Kxh5 38. Rxg7 Rc5 39.
Rf4 Nf3+ 40. Rxf3 Rg5 41. Rgf7 Kg6 42. Bxc7 Bd4 43. R7f4 Bb2 44. Ra4 Rc5 45.
Ra6+ Kg7 46. Rxa7 Kg6 47. Bd8 Be5+ 48. Kg2 Rc6 49. Bh4 Rd6 50. Bg3 Bxg3 51.
Rxg3+ Kf6 52. a4 h5 53. h4 Rd4 54. Rf3+ Ke6 55. Ra5 Rxh4 56. Rh3 Rg4+ 57. Kf3
Rb4 58. Rhxh5 Rb3+ 59. Kg2 1-0

[Event "Xtracon Chess Open 2016"]
[Site "Elsinore"]
[Date "2016.07.31"]
[Round "10.148"]
[White "Hansen, Tommy"]
[Black "Christiansen, Torsten Sundgaar"]
[Result "1/2-1/2"]
[WhiteElo "1835"]
[BlackElo "1708"]
[PlyCount "78"]
[EventDate "2016.07.23"]

1. e4 g6 2. d4 Nf6 3. Nc3 d5 4. Bd3 Nc6 5. e5 Nh5 6. Be3 a6 7. Qf3 Be6 8. Nh3
Qd7 9. Ng5 Ng7 10. Nxe6 fxe6 11. g4 Nb4 12. Bd2 Nxd3+ 13. Qxd3 Qc6 14. a4 Qc4
15. Qxc4 dxc4 16. Ne4 O-O-O 17. Be3 h5 18. f3 hxg4 19. fxg4 Rh4 20. h3 Nf5 21.
Bf2 Nxd4 22. Bxh4 Nxc2+ 23. Ke2 Nxa1 24. Rxa1 Rd4 25. Bg3 Bg7 26. Nc3 Rd3 27.
Kf2 Rd2+ 28. Ke3 Rxb2 29. Kd4 b5 30. axb5 axb5 31. Bf4 Rb3 32. Ra8+ Kd7 33.
Nxb5 Rxb5 34. Kxc4 Rd5 35. Rg8 Bxe5 36. Bxe5 Rxe5 37. Rxg6 Ke8 38. h4 Kf7 39.
h5 Ra5 1/2-1/2

[Event "Xtracon Chess Open 2016"]
[Site "Elsinore"]
[Date "2016.07.31"]
[Round "10.149"]
[White "Joensson, Jacob"]
[Black "Hansen, Henrik Damgaard"]
[Result "1/2-1/2"]
[WhiteElo "1680"]
[BlackElo "1831"]
[PlyCount "74"]
[EventDate "2016.07.23"]

1. d4 Nf6 2. c4 c5 3. d5 e6 4. Nc3 exd5 5. cxd5 d6 6. Nf3 g6 7. Bg5 h6 8. Bh4
g5 9. Bg3 a6 10. a4 Bg7 11. Qc2 O-O 12. Nd2 Nh5 13. Nc4 Nxg3 14. hxg3 f5 15. f4
g4 16. Kf2 Qc7 17. e3 Nd7 18. Bd3 Nb6 19. Nxb6 Qxb6 20. Rab1 Qc7 21. Ne2 b6 22.
b4 Rb8 23. Nd4 Bxd4 24. exd4 Qg7 25. dxc5 Qd4+ 26. Kf1 bxc5 27. Rxh6 Rxb4 28.
Rxb4 Qxb4 29. Rh5 Re8 30. Kg1 Qd4+ 31. Kf1 Qa1+ 32. Qb1 Qxb1+ 33. Bxb1 Rf8 34.
Rh6 Rd8 35. Rh5 Rf8 36. Rh6 Rd8 37. Rh5 Rf8 1/2-1/2

[Event "Xtracon Chess Open 2016"]
[Site "Elsinore"]
[Date "2016.07.31"]
[Round "10.150"]
[White "Nesse, David"]
[Black "Calderon, Paul"]
[Result "1/2-1/2"]
[WhiteElo "1604"]
[BlackElo "1828"]
[PlyCount "67"]
[EventDate "2016.07.23"]

1. e4 c5 2. Nc3 a6 3. g3 Nc6 4. Bg2 e6 5. f4 b5 6. Nf3 Bb7 7. Qe2 Nd4 8. Nxd4
cxd4 9. Nd1 Nf6 10. O-O Bc5 11. d3 Rc8 12. Nf2 Qc7 13. Bd2 O-O 14. e5 Nd5 15.
Ne4 Be7 16. Rac1 f5 17. exf6 Nxf6 18. Nxf6+ Bxf6 19. Bxb7 Qxb7 20. Qe4 Qxe4 21.
dxe4 d6 22. Bb4 Rfd8 23. g4 g5 24. f5 e5 25. c3 dxc3 26. Rxc3 Rxc3 27. Bxc3 d5
28. Ba5 Rd7 29. Rd1 d4 30. Kf2 Rd6 31. Rc1 h6 32. Rc8+ Kf7 33. Rc7+ Ke8 34.
Rc8+ 1/2-1/2

[Event "Xtracon Chess Open 2016"]
[Site "Elsinore"]
[Date "2016.07.31"]
[Round "10.151"]
[White "Madsen, Svend"]
[Black "Weber, Andreas"]
[Result "1/2-1/2"]
[WhiteElo "1638"]
[BlackElo "1808"]
[PlyCount "46"]
[EventDate "2016.07.23"]

1. e4 d5 2. exd5 Nf6 3. c4 e6 4. dxe6 Bxe6 5. Be2 Qe7 6. Nf3 Bxc4 7. Qa4+ b5 8.
Qd1 Qxe2+ 9. Qxe2+ Bxe2 10. Kxe2 Bd6 11. Re1 O-O 12. Kf1 c5 13. d4 Nc6 14. dxc5
Bxc5 15. Bd2 Bb6 16. Nc3 Nb4 17. Re2 Nd3 18. Rb1 a6 19. Ne1 Rad8 20. Nxd3 Rxd3
21. Bg5 Nd5 22. Nxd5 Rxd5 23. Be3 Bxe3 1/2-1/2

[Event "Xtracon Chess Open 2016"]
[Site "Elsinore"]
[Date "2016.07.31"]
[Round "10.152"]
[White "Opasiak, Dustin Tennessee"]
[Black "Haugaard, Thomas"]
[Result "1-0"]
[WhiteElo "1807"]
[BlackElo "1672"]
[PlyCount "57"]
[EventDate "2016.07.23"]

1. e4 e5 2. Nf3 Nc6 3. Bb5 a6 4. Bxc6 dxc6 5. Nc3 f6 6. d4 exd4 7. Nxd4 Ne7 8.
O-O Ng6 9. Be3 Bd6 10. Nf5 Bxf5 11. exf5 Ne5 12. Qh5+ Kd7 13. Ne4 Qe8 14. Qh4
Qe7 15. Rad1 Rae8 16. Nxd6 cxd6 17. Bc5 Nf7 18. Qb4 Kc7 19. Rfe1 Qd7 20. Re3
Re5 21. Red3 d5 22. c4 Rxf5 23. cxd5 Rxd5 24. Rxd5 cxd5 25. Be3 Qd6 26. Rc1+
Kd7 27. Qxb7+ Ke8 28. Bc5 Nd8 29. Re1+ 1-0

[Event "Xtracon Chess Open 2016"]
[Site "Elsinore"]
[Date "2016.07.31"]
[Round "10.153"]
[White "Mottang, Harald"]
[Black "Nielsen, Jens Holm"]
[Result "1/2-1/2"]
[WhiteElo "1597"]
[BlackElo "1801"]
[PlyCount "69"]
[EventDate "2016.07.23"]

1. Nf3 d5 2. c4 c6 3. d4 Nf6 4. Nc3 dxc4 5. a4 Bf5 6. Bg5 Nd5 7. e3 Nxc3 8.
bxc3 Qa5 9. Qc1 f6 10. Bf4 Qa6 11. Be2 Nd7 12. O-O Nb6 13. a5 Nd7 14. Nd2 Be6
15. Qb2 g5 16. Bg3 Bg7 17. Qb4 b5 18. axb6 Qxb6 19. Qa3 O-O 20. Rfb1 Qd8 21.
Nxc4 Nb6 22. Nd2 Qd7 23. Qc5 Rfc8 24. Rb2 Bf7 25. Nc4 Nxc4 26. Bxc4 Bxc4 27.
Qxc4+ Qd5 28. Qa6 c5 29. Rab1 cxd4 30. cxd4 Qc6 31. Qxc6 Rxc6 32. h4 gxh4 33.
Bxh4 Kf7 34. Rb7 a6 35. Ra1 1/2-1/2

[Event "Xtracon Chess Open 2016"]
[Site "Elsinore"]
[Date "2016.07.31"]
[Round "10.154"]
[White "Bjarnason, Larus H"]
[Black "Winther, Bjarke Rosenborg"]
[Result "0-1"]
[WhiteElo "1586"]
[BlackElo "1786"]
[PlyCount "60"]
[EventDate "2016.07.23"]

1. e4 c5 2. f4 d5 3. exd5 Qxd5 4. Nc3 Qd8 5. Nf3 Nf6 6. Be2 e6 7. d3 Be7 8. O-O
O-O 9. Ne5 Nbd7 10. Qe1 Nxe5 11. fxe5 Qd4+ 12. Kh1 Qxe5 13. Bf4 Qd4 14. Qg3 Kh8
15. Be5 Qd8 16. Ne4 Ne8 17. Rf2 Bh4 18. Qe3 Bxf2 19. Qxf2 f6 20. Rf1 Qe7 21.
Nxc5 Kg8 22. Bc3 b6 23. Bf3 Rb8 24. Ne4 Bb7 25. Qg3 Qc7 26. Nxf6+ Rxf6 27. Be5
Rxf3 28. gxf3 Qxc2 29. Bxb8 Qxd3 30. Be5 Qxf1+ 0-1

[Event "Xtracon Chess Open 2016"]
[Site "Elsinore"]
[Date "2016.07.31"]
[Round "10.155"]
[White "Arbeus, Carl Johan"]
[Black "Shehzad, Kasher"]
[Result "0-1"]
[WhiteElo "1784"]
[BlackElo "1656"]
[PlyCount "122"]
[EventDate "2016.07.23"]

1. d4 d5 2. c4 e6 3. Nc3 Nf6 4. Bg5 Be7 5. Bxf6 Bxf6 6. e3 Nd7 7. cxd5 Nb6 8.
Bb5+ Bd7 9. dxe6 fxe6 10. Qh5+ g6 11. Bxd7+ Qxd7 12. Qb5 c6 13. Qc5 O-O-O 14.
Nf3 Be7 15. Qa5 Kb8 16. Ne5 Qe8 17. O-O Nd5 18. Ne4 Rf8 19. a3 Rf5 20. Ng3 Rf8
21. b4 Bd6 22. Nc4 Bc7 23. Qa4 b5 24. Qb3 bxc4 25. Qxc4 Bxg3 26. hxg3 g5 27. b5
Nb6 28. Qxc6 Qxc6 29. bxc6 Rd6 30. Rfc1 Rc8 31. Rc5 Rdxc6 32. Rxg5 Rc1+ 33.
Rxc1 Rxc1+ 34. Kh2 Rc2 35. Rg8+ Rc8 36. Rg7 Rc7 37. Rg8+ Kb7 38. Re8 Nc4 39. a4
Nb6 40. a5 Nc4 41. a6+ Kxa6 42. Rxe6+ Kb5 43. d5 a5 44. e4 a4 45. d6 Rd7 46. e5
a3 47. Re8 Nb6 48. e6 Rxd6 49. Re7 Nc4 50. Rb7+ Rb6 51. e7 Nd6 52. Ra7 Ra6 53.
Rd7 Ne8 54. Rb7+ Rb6 55. Ra7 Ra6 56. Rb7+ Kc6 57. Rb8 Kd7 58. Rb7+ Ke6 59. f4
a2 60. g4 a1=Q 61. f5+ Kf7 0-1

[Event "Xtracon Chess Open 2016"]
[Site "Elsinore"]
[Date "2016.07.31"]
[Round "10.156"]
[White "Nilssen, Steinar"]
[Black "Pedersen, Carl Aage"]
[Result "1/2-1/2"]
[WhiteElo "1575"]
[BlackElo "1781"]
[PlyCount "60"]
[EventDate "2016.07.23"]

1. e4 c5 2. Nf3 d6 3. g3 g6 4. Bg2 Bg7 5. O-O Nf6 6. d3 O-O 7. h3 Nc6 8. c3 Qc7
9. Re1 Bd7 10. a3 Rad8 11. Be3 b6 12. Nbd2 e5 13. Rb1 a5 14. a4 Rfe8 15. Nb3
Nb8 16. Ra1 Bc6 17. Nfd2 d5 18. d4 cxd4 19. cxd4 Nxe4 20. dxe5 Bxe5 21. Qc2 Qb7
22. Bxe4 dxe4 23. Nc4 Nd7 24. Nxb6 Nxb6 25. Nxa5 Qa6 26. Bxb6 Bxa4 27. Rxa4
Qxb6 28. Nc4 Qc7 29. Rxe4 Bxg3 30. f3 Rxe4 1/2-1/2

[Event "Xtracon Chess Open 2016"]
[Site "Elsinore"]
[Date "2016.07.31"]
[Round "10.157"]
[White "Rasmussen, Henning"]
[Black "Hansen, Simon L"]
[Result "0-1"]
[WhiteElo "1779"]
[BlackElo "1636"]
[PlyCount "138"]
[EventDate "2016.07.23"]

1. d4 Nf6 2. c4 g6 3. Nc3 Bg7 4. e4 d6 5. f4 O-O 6. Nf3 c5 7. dxc5 dxc5 8. Qxd8
Rxd8 9. e5 Ng4 10. h3 Nh6 11. Be3 b6 12. Rd1 Nc6 13. Rxd8+ Nxd8 14. Bd3 Bf5 15.
Bxf5 Nxf5 16. Bf2 f6 17. exf6 Bxf6 18. g4 Nd6 19. Nd2 Nc6 20. Nd1 Nb4 21. a3
Nd3+ 22. Ke2 Nxf4+ 23. Ke3 e5 24. b3 Bg5 25. h4 Ng2+ 26. Kf3 Bxd2 27. Kxg2 Rd8
28. Bg3 e4 29. Bf2 Nf7 30. Be3 Ne5 31. Kg3 Bxe3 32. Nxe3 Rd3 33. Kf4 Rxb3 34.
Kxe5 Rxe3 35. Rc1 Rxa3 36. Kxe4 Rb3 37. Kd5 a5 38. Kc6 a4 39. g5 a3 40. Ra1 Kg7
41. Rd1 a2 42. Rd7+ Kf8 43. Ra7 Rb2 44. Kd5 Rh2 45. Kc6 Rxh4 46. Kxb6 Rxc4 47.
Rxa2 Rg4 48. Ra8+ Ke7 49. Ra7+ Kd6 50. Rxh7 Rxg5 51. Rc7 Ke6 52. Rc6+ Kf7 53.
Kb5 Rf5 54. Kc4 Kg7 55. Kd3 Kh6 56. Ke4 Kg5 57. Ke3 Kh5 58. Ke4 Kg5 59. Ke3
Re5+ 60. Kf3 Kf5 61. Rc8 g5 62. Rf8+ Ke6 63. Kg4 Kd5 64. Rd8+ Kc4 65. Rb8 Kc3
66. Rb5 Kc4 67. Rb8 Kd4 68. Rd8+ Rd5 69. Ra8 c4 0-1

[Event "Xtracon Chess Open 2016"]
[Site "Elsinore"]
[Date "2016.07.31"]
[Round "10.158"]
[White "Gottschalck, Christian"]
[Black "Langvik, Ulrikke"]
[Result "0-1"]
[WhiteElo "1778"]
[BlackElo "1583"]
[PlyCount "64"]
[EventDate "2016.07.23"]

1. e4 e6 2. d4 d5 3. Nc3 Bb4 4. Nge2 Nc6 5. a3 Be7 6. Bf4 Nf6 7. Qd3 O-O 8. g3
dxe4 9. Nxe4 Nd5 10. Bd2 e5 11. c4 Nf6 12. d5 Nb8 13. N2c3 Nxe4 14. Nxe4 f5 15.
Nc3 Nd7 16. b4 b6 17. Bg2 Bb7 18. O-O Rb8 19. d6 Bxd6 20. Bxb7 e4 21. Qd5+ Kh8
22. Bc6 Nf6 23. Qb5 Bxg3 24. hxg3 Qxd2 25. Nd5 Ng4 26. Nf4 e3 27. Qd5 exf2+ 28.
Kh1 Qc3 29. Qd3 Qf6 30. Bg2 Rbe8 31. Bh3 Re3 32. Qd1 Rxg3 0-1